Important figures in Chicago history - Statistics

General Stats
  • This quiz has been taken 17 times
  • The average score is 7 of 16
Answer Stats
Picture Answer % Correct
Oprah Winfrey
100%
Abraham Lincoln
80%
Al Capone
80%
Kanye West
80%
Michelle Obama
80%
Harry Caray
53%
Sammy Sosa
47%
Walter Payton
40%
Brian Urlacher
33%
Papa Bear/George Halas
33%
Richard Daley
33%
Muddy Waters
27%
Michael Jordon
20%
Jean Baptiste Point du Sable
7%
King Von
7%
Mordecai Brown/3 finger Brown
7%
No matching quizzes found
Score Distribution
Percent of People with Each Score
Percentile by Number Answered
Your Score History
You have not taken this quiz